000 00316nam a2200145Ia 4500
100 _aBishop/Matt
942 _cBK
654 _acomputer security
245 _aComputer Security: Art and Science
260 _bPearson Education
_c2003
082 _a5.8
_bBIS
300 _a1084
546 _aENGLISH
999 _c28946
_d28946